Największe kraje od A-Z wraz z ich stolicami - Statystyki

Ogólne statystyki
  • Ten quiz został rozwiązany 303 razy
  • Średni wynik to 10 z 24
Statystyki odpowiedzi
Litera Kraj i Stolica % Poprawnych
R Rosja Moskwa
83%
B Brazylia Brasília
82%
C Chiny Pekin
78%
S Stany Zjednoczone Waszyngton
73%
F Francja Paryż
67%
K Kanada Ottawa
66%
A Australia Canberra
60%
Ł Łotwa Ryga
59%
H Hiszpania Madryt
52%
I Indie Nowe Delhi
44%
M Meksyk México
44%
U Ukraina Kijów
41%
D Demokratyczna Republika Konga Kinszasa
27%
E Etiopia Addis Abeba
26%
P Peru Lima
26%
W Wenezuela Caracas
24%
L Libia Trypolis
23%
J Jemen Sana
17%
O Oman Muskat
16%
V Vanuatu Port Vila
14%
Z Zambia Lusaka
14%
N Niger Niamey
11%
T Tanzania Dodoma
9%
G Gabon Libreville
8%
Nie znaleziono quizów pasujących do podanych kryteriów
Rozkład punktacji
Procent ludzi z każdym wynikiem
Percentyl według liczby udzielonych odpowiedzi
Twoja historia wyników
Nie rozwiązałeś tego quizu